Curso interamericano de adiestramiento en preparación y evaluación de proyectos de inversión, economía-ODEPLAN
Сохранить в:
| Соавтор: | |
|---|---|
| Формат: | |
| Язык: | испанский |
| Опубликовано: |
Santiago
Universidad Católica de Chile, Instituto de Economía
1970
|
| Серии: | Preparación de Proyectos, 6
|
| Предметы: | |
| Метки: |
Добавить метку
Нет меток, Требуется 1-ая метка записи!
|
MARC
| LEADER | 00000nam a2200000 a 4500 | ||
|---|---|---|---|
| 001 | UCR9288 | ||
| 003 | CL-VaPUC | ||
| 008 | 980613e19700000CL |||||||||||||||||spa|d | ||
| 082 | 0 | 4 | |a 658.404 |b ODE |2 21 |
| 110 | 2 | |a ODEPLAN |e author |9 411641 | |
| 245 | 1 | 0 | |a Curso interamericano de adiestramiento en preparación y evaluación de proyectos de inversión, economía-ODEPLAN |
| 300 | |a 349 p | ||
| 942 | |c BK | ||
| 945 | |d 19980613 00:00:00 |a crobeson | ||
| 260 | |a Santiago |b Universidad Católica de Chile, Instituto de Economía |c 1970 | ||
| 650 | 0 | |a Gestión de proyectos |9 260970 | |
| 650 | 0 | |a Evaluación de proyectos |9 259341 | |
| 650 | 0 | |a Econometría |9 261029 | |
| 650 | 0 | |a Modelos matemáticos |9 259437 | |
| 650 | 0 | |a Industrialización |9 263687 | |
| 583 | |a last modification |c 20170510 01:13:47 |k Rodrigo Vera | ||
| 490 | 0 | |a Preparación de Proyectos, 6 | |
| 999 | |c 270488 |d 270486 | ||
| 952 | |0 0 |1 0 |4 0 |6 658_404000000000000_ODE_1970 |7 0 |8 A |9 304801 |a BIBENE |b BIBENE |d 2019-11-20 |i 1409670 |o 658.404 ODE 1970 |p 1409670 |r 2025-01-15 |w 2019-11-20 |y BK |k ICO | ||